| 000 | 00818 a2200229 4500 | ||
|---|---|---|---|
| 003 | Nust | ||
| 005 | 20221028102347.0 | ||
| 010 | _a 00108084 | ||
| 020 | _a0735710597 | ||
| 040 | _cNust | ||
| 082 | 0 | 0 | _a006.6,CHI |
| 100 | 1 |
_aChismar, John P. _9101601 |
|
| 245 | 1 | 0 |
_a3ds Max 4 media animation / _cJohn P. Chismar. |
| 246 | 3 | 0 | _aMedia animation |
| 260 |
_aIndianapolis : _bNew Riders, _cc2001. |
||
| 300 |
_axviii, 570 p. : _bill. (some col.) ; _c23 cm. + _e1 computer optical disc (4 3/4 in.) |
||
| 505 | _aPart I: Introduction XV Fun house (Page-2), Part II: 2002 vote machine (Page-146), TV 3news open (Page-366), Part III: Real world case studies (Page-480). | ||
| 650 | 0 |
_aComputer animation. _969260 |
|
| 650 | 0 |
_aComputer graphics. _91225 |
|
| 651 |
_a(Include CD) _98953 |
||
| 942 |
_2ddc _cBK _k006.6,CHI |
||
| 999 |
_c179723 _d179723 |
||